ბათუმის შოთა რუსთაველის სახელმწიფო უნივერსიტეტის ბიბლიოთეკა

ბიზნესის ეთიკა(მე–2 გადამუშ.გამოც) (ბიბ.ჩანაწერი № 36642)

000 -LEADER
fixed length control field 00636nam a2200217Ia 4500
001 - CONTROL NUMBER
control field 2562
003 - CONTROL NUMBER IDENTIFIER
control field GE_BSU
008 - FIXED-LENGTH DATA ELEMENTS--GENERAL INFORMATION
fixed length control field 181216s||||||||xx |||||||||||||| ||und||
020 ## - INTERNATIONAL STANDARD BOOK NUMBER
International Standard Book Number 9789994098798
040 ## - CATALOGING SOURCE
Transcribing agency GE_BSU
100 ## - MAIN ENTRY--PERSONAL NAME
Personal name ქირთბაია, მზია
245 ## - TITLE STATEMENT
Title ბიზნესის ეთიკა(მე–2 გადამუშ.გამოც)
245 ## - TITLE STATEMENT
Statement of responsibility, etc. [რედ. რ. ქუტიძე].
260 ## - PUBLICATION, DISTRIBUTION, ETC.
Place of publication, distribution, etc. თბილისი
260 ## - PUBLICATION, DISTRIBUTION, ETC.
Name of publisher, distributor, etc. ნეკერი
260 ## - PUBLICATION, DISTRIBUTION, ETC.
Date of publication, distribution, etc. 2008
300 ## - PHYSICAL DESCRIPTION
Extent 274 გვ
653 ## - INDEX TERM--UNCONTROLLED
Uncontrolled term ბიზნესის ეთიკა
942 ## - ADDED ENTRY ELEMENTS (KOHA)
Koha item type წიგნი
ეგზემპლარები
Withdrawn status Lost status Damaged status Not for loan Date acquired Barcode Date last seen Price effective from Koha item type
        2018-12-17 1051 2018-12-17 2018-12-17 წიგნი